Más allá de la gran división (Registro nro. 310712)

Detalles MARC
000 -ENCABEZADO
Número de control [NR] 00978cam a2200277Ma 4500
001 - NÚMERO DE CONTROL
control field ocn916478397
005 - FECHA Y HORA DE LA ÚLTIMA TRANSACCIÓN
control field 20181101125802.0
008 - DE LONGITUD FIJA DE DATOS DE ELEMENTOS - INFORMACIÓN GENERAL
Elementos de longitud fija [NR] 181101s2009 ag b 000 0 spa d
020 ## - NUMERO INTERNACIONAL NORMALIZADO PARA LIBROS [R]
Número Internacional Normalizado del libro [NR] 9789871238583
020 ## - NUMERO INTERNACIONAL NORMALIZADO PARA LIBROS [R]
Número Internacional Normalizado del libro [NR] 9871238584
035 ## - NUMERO DE CONTROL DEL SISTEMA [R]
Número de control del sistema [NR] (OCoLC)916478397
040 ## - FUENTE DE CATALOGACION [NR]
Agencia de catalogación original [NR] Co-BoUCM
Idioma de catalogación [NR] spa
Quien Cataloga Saul Niño
Quien Clasifica Saul Niño
041 0# - CODIGO DE IDIOMA [R]
Código de idioma para texto/pista de sonido o título separado [R] Español
100 1# - ASIENTO PRINCIPAL--NOMBRE PERSONAL [NR]
Nombre personal [NR] Dufy, Caroline
ID Autoridad 94320
245 10 - MENCION DE TITULO [NR]
Título [NR] Más allá de la gran división
Parte restante del título [NR] sociología, economía y etnografía
Mención de responsabilidad, etc. [NR] Caroline Dufy y Florence Weber ; traducción Antonia García Castro
260 ## - PUBLICACION, DISTRIBUCION, ETC. (PIE DE IMPRENTA) [R]
Lugar de publicación, distribución, etc. [R] Buenos Aires
Nombre del editor, distribuidor, etc. [R] Antropofagia
Fecha de publicación, distribución, etc. [R] 2009
300 ## - DESCRIPCION FISICA [R]
Extensión [R] 125 páginas
490 0# - MENCION DE SERIE [R]
Mención de serie [R] Sociedades contemporáneas
650 #7 - ASIENTO SECUNDARIO DE MATERIA - TERMINO TEMATICO [R]
Término temático o nombre geográfico como elemento de entrada [NR] Antropología económica
9 (RLIN) 9194
650 #0 - ASIENTO SECUNDARIO DE MATERIA - TERMINO TEMATICO [R]
Término temático o nombre geográfico como elemento de entrada [NR] Instituciones económicas
9 (RLIN) 27612
650 #7 - ASIENTO SECUNDARIO DE MATERIA - TERMINO TEMATICO [R]
Término temático o nombre geográfico como elemento de entrada [NR] Sociología económica
9 (RLIN) 24797
700 1# - ASIENTO SECUNDARIO - NOMBRE PERSONAL [R]
Nombre personal [NR] Weber, Florence
9 (RLIN) 94316
700 1# - ASIENTO SECUNDARIO - NOMBRE PERSONAL [R]
Nombre personal [NR] García Castro, Antonia
Término de relación [R] traductor
9 (RLIN) 94321
942 ## - ELEMENTOS DE ENTRADA AGREGADOS (KOHA)
Sistema de clasificación DEWEY
Tema principal Economía
Tipo de ítem principal el descrito en 300a Libro
Edición 1
Clasificación 306.3
Parte restante de la signatura top. D865m
Existencias
Fecha de último préstamo Total préstamos Signatura topográfica Código de barras Última vez visto Ejemplar Costo de reposición Price effective from Tipo de ítem Perdido Sistema de clasificación Dañado No prestable Tipo de ítem específico Suprimido Ubicación habitual Ubicación actual Localización Fecha de creación Proveedor Forma de adquisición Costo
06/11/2018 1 306.3 D865m 100158532 09/12/2025 Ej.1 139900.00 26/10/2018 Libro   DEWEY     Libro   Claustro Claustro 2do piso 26/10/2018 37 Compra 139900.00